00670nam a2200241 a 4500001001300000003000900013005001700022008004100039020000900080082001600089100002300105245002700128260003700155300000900192500003500201505001000236650001500246700002300261902000800284942000700292952011400299999001500413nice12345678IN_TiNIC20260116011804.0050524s1973 deoa grp 000 0 urd  ac1000a297.64bKHA aKhan, H Nabi Ahmad aMaktubat-E-Hazrat Ali. aDeobandbMaktaba Rahmaniyac1973 a220p aincludes index and biblioraphy2 aIndex aAli-Caliph1 aKhan, H Nabi Ahmad bSRS cBK 001040708StackRoom-aHMIbHMId2007-07-10g10.00l0o297.64 KHAp08800r2007-07-10v10.00w2005-05-24yBK c3980d3980